TB. OF ELECTROTHERAPY (Record no. 8302)

MARC details
000 -LEADER
fixed length control field 00341nam a22001577a 4500
003 - CONTROL NUMBER IDENTIFIER
control field SGT
020 ## - INTERNATIONAL STANDARD BOOK NUMBER
International Standard Book Number 978-93-5025-959-7
082 ## - DEWEY DECIMAL CLASSIFICATION NUMBER
Classification number 615.845, E12S
100 ## - MAIN ENTRY--PERSONAL NAME
Personal name SINGH, JAGMOHAN
245 ## - TITLE STATEMENT
Title TB. OF ELECTROTHERAPY
250 ## - EDITION STATEMENT
Edition statement 2ND
260 ## - PUBLICATION, DISTRIBUTION, ETC. (IMPRINT)
Place of publication, distribution, etc DEHLI
Name of publisher, distributor, etc JAYPEE
Year of Publication 2012
300 ## - PAGE DESCRIPTION
No. of Pages 324
650 ## - SUBJECT ADDED ENTRY--TOPICAL TERM
Topical term or geographic name as entry element ELECTROTHERAPY
942 ## - ADDED ENTRY ELEMENTS (KOHA)
Source of classification or shelving scheme Dewey Decimal Classification
Koha item type Books
942 ## - ADDED ENTRY ELEMENTS (KOHA)
-- 90
Holdings
Withdrawn status Lost status Source of classification or shelving scheme Damaged status Not for loan Collection code Home library Current library Shelving location Date acquired Vendor Name Cost, normal purchase price SGTU Bill Number Total Checkouts Full call number Accession No. (Barcode) Date last seen Date last borrowed Bill Date Koha item type Total Renewals Checked out
    Dewey Decimal Classification     MEDICAL SGT Medical Library SGT Medical Library Text Book 04/03/2016 AHUJA BOOK COMPANY 495.00 SGTU 5792 29 615.845, E12S FM7336 04/04/2026 20/03/2026   Books    
    Dewey Decimal Classification     MEDICAL SGT Medical Library SGT Medical Library Text Book 04/03/2016 AHUJA BOOK COMPANY 495.00 SGTU 5792 23 615.845, E12S FM7337 12/03/2026 12/03/2026   Books    
    Dewey Decimal Classification     MEDICAL SGT Medical Library SGT Medical Library Text Book 04/03/2016 AHUJA BOOK COMPANY 495.00 SGTU 5792 20 615.845, E12S FM7338 21/06/2025 12/06/2025   Books 1  
    Dewey Decimal Classification     MEDICAL SGT Medical Library SGT Medical Library Text Book 04/03/2016 AHUJA BOOK COMPANY 495.00 SGTU 5792 41 615.845, E12S FM7339 22/05/2026 22/05/2026   Books   05/06/2026
    Dewey Decimal Classification     MEDICAL SGT Medical Library SGT Medical Library Text Book 04/03/2016 AHUJA BOOK COMPANY 495.00 SGTU 5792 26 615.845, E12S FM7340 06/04/2026 28/03/2026   Books    
    Dewey Decimal Classification     MEDICAL SGT Medical Library SGT Medical Library Text Book 04/03/2016 AHUJA BOOK COMPANY 495.00 SGTU 5792 32 615.845, E12S FM7341 04/06/2026 04/06/2026   Books   18/06/2026
    Dewey Decimal Classification     MEDICAL SGT Medical Library SGT Medical Library Text Book 04/03/2016 AHUJA BOOK COMPANY 495.00 SGTU 5792 17 615.845, E12S FM7342 13/04/2026 13/04/2026   Books    
    Dewey Decimal Classification     MEDICAL SGT Medical Library SGT Medical Library Text Book 04/03/2016 AHUJA BOOK COMPANY 495.00 SGTU 5792 19 615.845, E12S FM7343 07/04/2026 20/03/2026   Books    
    Dewey Decimal Classification     MEDICAL SGT Medical Library SGT Medical Library Text Book 04/03/2016 AHUJA BOOK COMPANY 495.00 SGTU 5792 19 615.845, E12S FM7344 04/06/2026 04/06/2026   Books   18/06/2026
    Dewey Decimal Classification     MEDICAL SGT Medical Library SGT Medical Library Text Book 04/03/2016 AHUJA BOOK COMPANY 495.00 SGTU 5792 29 615.845, E12S FM7345 19/12/2025 09/12/2025   Books